000 00345nam a22001217a 4500
003 SGT
082 _a891.4309
_bY20M
100 _aमालविका
245 _aयूँ ही साथ साथ चलते : 31वर्ष आगे
260 _bसान्निध्य बुक्स
_c2020
300 _a69
942 _2ddc
_cBK
999 _c31847
_d31847